000
00252 a2200097 4500
001
46088
100
_a
Adelphi
245
_a
American foreign policy in the Nixon era
260
_a
london
_b
Int. Institute for Strategic Studies
_c
090
_c
29192
_d
29192
942
_a
NUST-CAE
_c
M
_c
21327
999
_c
281161
_d
281161